00678nam a2200229 a 4500001001300000003000900013005001700022008004100039020001000080082001500090100002100105245004600126260004200172300000900214500003500223505001000258650002000268902000800288942000700296952012800303999001700431nice12345678IN_TiNIC20260116013753.0050524s1998 newa grp 000 0 eng  ac12000a297.2bTAB aTabbarah, Afif A aSpirit of Islamb Doctrines and Teachings aNew DelhibIslamic Book Servicec1998 a479p aincludes index and biblioraphy2 aNotes aIslam-Doctrines bSRS cBK 001040708StackRoom-aHMIbHMId2010-01-15g120.00l1o297.2 TABp019469r2019-07-17s2019-07-12v120.00w2005-05-24yBK c12407d12407